| 000 | 00393pab a2200157 454500 | ||
|---|---|---|---|
| 008 | 180718b1999 xxu||||| |||| 00| 0 eng d | ||
| 100 | _aPhilipose, Pamela | ||
| 245 | _aWithstanding the winds of ill fortune: the second battle of Kalinga | ||
| 260 | _c1999 | ||
| 300 | _ap.8 | ||
| 362 | _a10 Nov | ||
| 650 | _aDisasters | ||
| 650 | _aCyclones | ||
| 773 | _aIndian Express | ||
| 909 | _a44345 | ||
| 999 |
_c44345 _d44345 |
||